|
|
|
|
| LEADER |
01029nam a22002297a 4500 |
| 001 |
31587 |
| 003 |
BD-DhAAL |
| 005 |
20170419114824.0 |
| 008 |
170419s1988 bg ||||| |||| 00| 0 ben d |
| 999 |
|
|
|c 38069
|d 38069
|
| 040 |
|
|
|a BD-DhAAL
|c BD-DhAAL
|
| 082 |
|
|
|2 23
|a 301.412095492
|
| 245 |
|
|
|a সমাজ নিরীক্ষণ :
|b সংখ্যা ৫৯-৬২, ১৯৯৬
|
| 260 |
|
|
|a ঢাকা :
|b ডানা প্রিন্টার্স,
|c ১৯৯৬
|
| 300 |
|
|
|a বিভীধ পৃষ্ঠাসমূহ :
|c ২২ সে. মি.
|
| 526 |
|
|
|a AAL
|
| 541 |
|
|
|e 31587
|
| 650 |
|
|
|a Women
|z Bangladesh
|x Social conditions
|9 21243
|
| 710 |
|
|
|a সমাজ নিরীক্ষন কেন্দ্র, ঢাকা বিশ্ববিদ্যালয়.
|9 21244
|
| 852 |
|
|
|a Ayesha Abed Library
|c General Stacks
|
| 942 |
|
|
|2 ddc
|c BK
|
| 952 |
|
|
|0 0
|1 0
|2 ddc
|4 0
|6 301_412095492000000_SOC
|7 0
|9 60342
|a BRACUL
|b BRACUL
|c REF
|d 2017-04-19
|e Gift from BRAC
|l 0
|o 301.412095492 SOC
|p 3010031587
|r 2017-04-19
|t 1
|w 2017-04-19
|y BK
|